Методы и теория оптимизации: электронный курс
| Egile nagusia: | |
|---|---|
| Erakunde egilea: | |
| Gaia: | Заглавие с экрана Основной целью курса "Методы и теория оптимизации" является знакомство студентов с некоторыми важными инструментами такого активно развивающегося в настоящее время направления в теории управления как оптимальные системы. Курс предназначен для магистрантов, обучающихся в рамках направления 15.04.06 "Мехатроника и робототехника" по образовательной программе «Управление робототехническими комплексами и мехатронными системами» и изучается во втором семестре первого года обучения. В курсе рассматриваются общие теоретические принципы и методы решения оптимизационных задач в различных научных и технических приложениях, алгоритмы принятия оптимальных решений и построения оптимальных систем управления техническими объектами. Приобретается опыт исследования систем управления методами математического и компьютерного моделирования. Особое внимание уделяется методам и алгоритмам, активно используемым в мехатронных и робототехнических устройствах. Доступ по логину и паролю |
| Hizkuntza: | errusiera |
| Argitaratua: |
Томск, TPU Moodle, 2021
|
| Gaiak: | |
| Sarrera elektronikoa: | https://design.lms.tpu.ru/course/view.php?id=4123 |
| Formatua: | MixedMaterials Baliabide elektronikoa Liburua |
| KOHA link: | https://koha.lib.tpu.ru/cgi-bin/koha/opac-detail.pl?biblionumber=667681 |
MARC
| LEADER | 00000nlm0a2200000 4500 | ||
|---|---|---|---|
| 001 | 667681 | ||
| 005 | 20240116111453.0 | ||
| 035 | |a (RuTPU)RU\TPU\network\38892 | ||
| 035 | |a RU\TPU\network\37936 | ||
| 090 | |a 667681 | ||
| 100 | |a 20220412d2021 m y0rusy50 ca | ||
| 101 | 0 | |a rus | |
| 102 | |a RU | ||
| 105 | |a a j 000zy | ||
| 135 | |a jrcn ---uucaa | ||
| 181 | 0 | |a i | |
| 182 | 0 | |a b | |
| 200 | 1 | |a Методы и теория оптимизации |e электронный курс |f А. В. Воронин |g Национальный исследовательский Томский политехнический университет, Инженерная школа информационных технологий и робототехники, Отделение автоматизации и робототехники (ОАР) | |
| 203 | |a Текст |c электронный | ||
| 210 | |a Томск |c TPU Moodle |d 2021 | ||
| 300 | |a Заглавие с экрана | ||
| 330 | |a Основной целью курса "Методы и теория оптимизации" является знакомство студентов с некоторыми важными инструментами такого активно развивающегося в настоящее время направления в теории управления как оптимальные системы. Курс предназначен для магистрантов, обучающихся в рамках направления 15.04.06 "Мехатроника и робототехника" по образовательной программе «Управление робототехническими комплексами и мехатронными системами» и изучается во втором семестре первого года обучения. В курсе рассматриваются общие теоретические принципы и методы решения оптимизационных задач в различных научных и технических приложениях, алгоритмы принятия оптимальных решений и построения оптимальных систем управления техническими объектами. Приобретается опыт исследования систем управления методами математического и компьютерного моделирования. Особое внимание уделяется методам и алгоритмам, активно используемым в мехатронных и робототехнических устройствах. | ||
| 333 | |a Доступ по логину и паролю | ||
| 606 | 1 | |a Автоматические системы управления |x Оптимальные |2 stltpush |3 (RuTPU)RU\TPU\subj\892 |9 29698 | |
| 610 | 1 | |a электронный ресурс | |
| 610 | 1 | |a труды учёных ТПУ | |
| 610 | 1 | |a электронные учебные пособия | |
| 610 | 1 | |a Moodle | |
| 610 | 1 | |a e-learning | |
| 610 | 1 | |a оптимальные системы | |
| 610 | 1 | |a оптимизационные задачи | |
| 610 | 1 | |a оптимальные решения | |
| 610 | 1 | |a математическое моделирование | |
| 610 | 1 | |a компьютерное моделирование | |
| 610 | 1 | |a вариационное исчисление | |
| 610 | 1 | |a динамическое программирование | |
| 675 | |a 681.513.5(075.8) |v 4 | ||
| 700 | 1 | |a Воронин |b А. В. |c специалист в области информатики и вычислительной техники |c доцент Томского политехнического университета, кандидат технических наук |f 1947- |g Александр Васильевич |3 (RuTPU)RU\TPU\pers\27346 |9 12717 | |
| 712 | 0 | 2 | |a Национальный исследовательский Томский политехнический университет |b Инженерная школа информационных технологий и робототехники |b Отделение автоматизации и робототехники (ОАР) |3 (RuTPU)RU\TPU\col\23553 |
| 801 | 2 | |a RU |b 63413507 |c 20220812 |g RCR | |
| 856 | 4 | |u https://design.lms.tpu.ru/course/view.php?id=4123 | |
| 942 | |c CF | ||